Economic reforms in India : an overview (Record no. 156369)

MARC details
000 -LEADER
fixed length control field 00492nam a2200181Ia 4500
008 - FIXED-LENGTH DATA ELEMENTS--GENERAL INFORMATION
fixed length control field 191130s2008##################000#0#eng##
020 ## - INTERNATIONAL STANDARD BOOK NUMBER
ISBN 9788183761697
082 ## - DEWEY DECIMAL CLASSIFICATION NUMBER
Classification number 338.954 AGA
100 ## - MAIN ENTRY--AUTHOR NAME
Personal name Agarwal, Babita
245 ## - TITLE STATEMENT
Title Economic reforms in India : an overview
Statement of responsibility, etc Babita Agarwal
260 ## - PUBLICATION, DISTRIBUTION, ETC. (IMPRINT)
Place of publication Jaipur
Name of publisher ABD Publisher
Year of publication 2008
300 ## - PHYSICAL DESCRIPTION
Number of Pages 279 p., 23 cm
650 ## - SUBJECT ADDED ENTRY--TOPICAL TERM
Topical Term Economics
991 ## -
-- 197145
Holdings
Withdrawn status Lost status Damaged status Not for loan Home library Current library Shelving location Date acquired Full call number Accession Number Price effective from Koha item type
        Anna Centenary Library Anna Centenary Library 4TH FLOOR, A WING 12.10.2020 338.954 AGA 393561 12.10.2020 English Books

Find us on the map